00537nam a2200181 4500010001300000020001500013035001300028037001800041040001200059082001300071245011000084260002600194270004700220300002900267650002800296650001200324700001900336 aA-409506 a0582061334 aA-409506 bCen Lib / Ret aDPLbEN a050bANN aThe Annual register :ba record of world events 1989 /cedied by Alan J. Day ; assisted by Verena Hoffman aLondonbLongmanc1989 aBurnt Mill, Harlow, Essex bUnited Kingdom axvi, , 614p ; b24cm(Hb) aHistory -- Periodicals. aHistory aVerena Hoffman